Normal view
MARC view
- Meditation
Entry Topical Term
001 - CONTROL NUMBER
- control field: 129668
003 - CONTROL NUMBER IDENTIFIER
- control field: NUST
005 - DATE AND TIME OF LATEST TRANSACTION
- control field: 20250710160831.0
008 - FIXED-LENGTH DATA ELEMENTS
- fixed length control field: 250710|| aca||aabn | a|a d
040 ## - CATALOGING SOURCE
- Original cataloging agency: NUST
- Transcribing agency: NUST
150 ## - HEADING--TOPICAL TERM
- Topical term or geographic name entry element: Meditation
- General subdivision: religion
- General subdivision: Islam
670 ## - SOURCE DATA FOUND
- Source citation: Work cat.: (NUST): Amīn, Muḥammad 129666, Āb-i kaus̲ar / , [n.d.]
